Statistics for Movies by Picture #3

Click here to take the quiz!

General Stats

  • This quiz has been taken 442 times
  • The average score is 10 of 12

Answer Stats

Answer % Correct
Spider-Man
100%
Toy Story
98%
Raiders of the Lost Ark
93%
Jaws
93%
Batman
91%
Aladdin
86%
Ice Age
76%
Mary Poppins
67%
Rio
66%
Twister
66%
Wreck-it-Ralph
65%
Fifty Shades of Grey
55%

Score Distribution

Percentile by Number Answered

Percent of People with Each Score

Your Score History

You have not taken this quiz